Zlaté období australské ekonomiky
Analýza súčasnej hospodárskej situácie v Austrálii. Charakteristika krajiny. Vývoj austrálskej ekonomiky. Menová politika vlády. Štrukturálne reformy a nepretržitý rast ekonomiky. Súčasný stav ekonomiky. Pozitívna prognóza ďalšieho ekonomického rastu.
Salvato in:
| Autore principale: | |
|---|---|
| Natura: | Capitolo di libro |
| Lingua: | ceco |
| Soggetti: | |
| Tags: |
Nessun Tag, puoi essere il primo ad aggiungerne!!
|
MARC
| LEADER | 00000naa$a2200000$$$4500 | ||
|---|---|---|---|
| 001 | 0052294 | ||
| 005 | 20231016092442.0 | ||
| 041 | 0 | |a cze | |
| 044 | |a CZ | ||
| 245 | 1 | 0 | |a Zlaté období australské ekonomiky |c Libor Žídek |
| 520 | |a Analýza súčasnej hospodárskej situácie v Austrálii. Charakteristika krajiny. Vývoj austrálskej ekonomiky. Menová politika vlády. Štrukturálne reformy a nepretržitý rast ekonomiky. Súčasný stav ekonomiky. Pozitívna prognóza ďalšieho ekonomického rastu. | ||
| 610 | 2 | 0 | |a situácia hospodárska |
| 610 | 2 | 0 | |a rast hospodársky |
| 610 | 2 | 0 | |a produkt domáci hrubý |
| 610 | 2 | 0 | |a obchod zahraničný |
| 610 | 2 | 0 | |a vývoz |
| 610 | 2 | 0 | |a dovoz |
| 610 | 2 | 0 | |a ťažba surovín |
| 610 | 2 | 0 | |a vláda |
| 610 | 2 | 0 | |a politika menová |
| 610 | 2 | 0 | |a Austrália |
| 100 | 1 | |a Žídek, Libor | |